Pautas presupuestarias 1986 y la Carta Intención remitida al F.M.I del 23-2-86 (Registro nro. 17909)

Detalles MARC
000 -LEADER
fixed length control field 00367 a2200109 4500
001 - CONTROL NUMBER
control field ART_10392
005 - DATE AND TIME OF LATEST TRANSACTION
control field 20260410161732.0
008 - FIXED-LENGTH DATA ELEMENTS--GENERAL INFORMATION
fixed length control field 260409a
100 1# - MAIN ENTRY--PERSONAL NAME
Personal name Rossi, Rodolfo C.
245 10 - TITLE STATEMENT
Title Pautas presupuestarias 1986 y la Carta Intención remitida al F.M.I del 23-2-86
773 0# - HOST ITEM ENTRY
Title Ejecutivos de finanzas
Related parts - Año 3, Nº 25 (mar. 1986)
Record control number REV2863

No hay ítems disponibles.